000
00348nam a2200157Ia 4500
008
230605s2003 xx 000 0 und d
041
_a
eng
100
_a
Blitizer
245
_a
Find the Bathroom First
260
_b
Viva books Mumbai
_c
2003
_c
2003
300
_a
97
365
_b
76
_h
20
500
_a
98
520
_a
General
650
_a
H.K.
999
_c
417873
_d
417873